000 00969cam a22002773a 4500
001 23385
003 PGUSA
005 20140828083511.0
008 071106s2007||||xxu|||||s|||||000 1 eng d
040 _aPGUSA
_beng
042 _adc
050 4 _aPZ
100 1 _aBallantyne, R. M.
_q(Robert Michael),
_d1825-1894
245 1 0 _aSaved by the Lifeboat
_h[electronic resource] /
_cR. M. Ballantyne
260 _bProject Gutenberg,
_c2007
506 _aPublic domain in the USA.
516 _aElectronic text
653 _aSearch and rescue operations -- Juvenile fiction
653 _aShips -- Safety regulations -- Juvenile fiction
653 _aRoyal National Life-Boat Institution for the Preservation of Life from Shipwreck (Great Britain) -- Juvenile fiction
653 _aShipwrecks -- Juvenile fiction
653 _aLifeboats -- Juvenile fiction
830 0 _aProject Gutenberg
_v23385
856 4 0 _uhttp://www.gutenberg.org/ebooks/23385
942 _cEB
999 _c252640
_d252640